| 000 | 00591nam a22001697a 4500 | ||
|---|---|---|---|
| 999 |
_c3099 _d3099 |
||
| 003 | AR-CdUCM | ||
| 008 | 190305b ||||| |||| 00| 0 spa d | ||
| 040 |
_aMUNICIPALIDAD PROVINCIAL DEL CUSCO _cBIBLIOTECA MUNICIPAL DEL CUSCO |
||
| 082 |
_a985.21 / _bP78 |
||
| 100 |
_aPortugal, José Z. _910485 |
||
| 245 |
_aLo que Lima debe a las provincias i lo que los provincianos le deben : _bcontribución de un ensayo espectral del pensamiento peruano / |
||
| 260 |
_aLima : _c1935. |
||
| 300 |
_a32 páginas ; _c17 cm. |
||
| 500 | _aDonación Familia Nieto | ||
| 942 |
_2ddc _cLIBROS |
||
| 945 | _araen | ||